000
00317nam a2200133Ia 4500
008
231129s1980||||xx |||||||||||||| ||spa||
040
_b
spa
082
_a
813 K89p
100
_a
Krantz Judith
245
0
_a
Princesa Daisy
260
_c
1980
264
_a
Bogotá Colombia : Circulo de Lectores
942
_2
ddc
_c
BKS
999
_c
23200
_d
23200